KOTA WARISAN AL-FATIH : (Record no. 203612)

MARC details
000 -LEADER
fixed length control field 01148nam a2200313 i 4500
005 - DATE AND TIME OF LATEST TRANSACTION
control field 20260331165211.0
008 - FIXED-LENGTH DATA ELEMENTS--GENERAL INFORMATION
fixed length control field 260331t20242024my ob gr 000 0bmay d
020 ## - INTERNATIONAL STANDARD BOOK NUMBER
International Standard Book Number 9786299922605
Terms of availability RM43.00
Qualifying information paperback
040 ## - CATALOGING SOURCE
Original cataloging agency PPAK
Language of cataloging eng
Transcribing agency PPAK
Description conventions rda
082 04 - DEWEY DECIMAL CLASSIFICATION NUMBER
Edition number 23
Classification number 910.4
090 00 - LOCALLY ASSIGNED LC-TYPE CALL NUMBER (OCLC); LOCAL CALL NUMBER (RLIN)
Classification number (OCLC) (R) ; Classification number, CALL (RLIN) (NR) 910.4
Feature heading NOR
Feature heading G
100 0# - MAIN ENTRY--PERSONAL NAME
Personal name Noraini Omar,
Relator term author.
245 10 - TITLE STATEMENT
Title KOTA WARISAN AL-FATIH :
Remainder of title Travelog Turkiye-Balkan /
Statement of responsibility, etc. Noraini Omar ; Editor : Mohd Yatim Dolir
264 #1 - PRODUCTION, PUBLICATION, DISTRIBUTION, MANUFACTURE, AND COPYRIGHT NOTICE
Place of production, publication, distribution, manufacture Kota Bharu, Kelantan :
Name of producer, publisher, distributor, manufacturer Noraini Omar,
Date of production, publication, distribution, manufacture, or copyright notice [2024]
Date of production, publication, distribution, manufacture, or copyright notice ©2024
300 ## - PHYSICAL DESCRIPTION
Extent xviii, 144 pages :
Other physical details colour photographs, colour maps ;
Dimensions 21 cm
336 ## - CONTENT TYPE
Content type term text
Source rdacontent
337 ## - MEDIA TYPE
Media type term unmediated
Source rdamedia
338 ## - CARRIER TYPE
Carrier type term volume
Source rdacarrier
650 10 - SUBJECT ADDED ENTRY--TOPICAL TERM
Topical term or geographic name entry element Travelers' writings, Malaysian
Topical term or geographic name entry element Travelers' writings, Malaysian
Geographic subdivision Turkey
Topical term or geographic name entry element Travel writing
Geographic subdivision Balkan Peninsula
Topical term or geographic name entry element Voyages and travels
Topical term or geographic name entry element Travel
Form subdivision Anecdotes
651 #0 - SUBJECT ADDED ENTRY--GEOGRAPHIC NAME
Geographic name Turkey
General subdivision Description and travel
Geographic name Balkan Peninsula
General subdivision Description and travel
700 0# - ADDED ENTRY--PERSONAL NAME
Personal name Mohd. Yatim Dolir,
Dates associated with a name 1952-,
Relator term editor.
942 ## - ADDED ENTRY ELEMENTS (KOHA)
Source of classification or shelving scheme Dewey Decimal Classification
Koha item type Book
Holdings
Withdrawn Not for loan Current library Shelving location Date acquired Total Checkouts Full call number Barcode Date last seen Koha item type
    Perpustakaan Alor Setar Pinjaman Dewasa 09/04/2026   910.4 NOR A01907182 09/04/2026 Book
    Perpustakaan Awam Sungai Petani Pinjaman Dewasa 09/04/2026   910.4 NOR A01907183 09/04/2026 Book
    Perpustakaan Baling Pinjaman Dewasa 09/04/2026   910.4 NOR A01907187 09/04/2026 Book
    Perpustakaan Bandar Baharu Pinjaman Dewasa 09/04/2026   910.4 NOR A01907188 09/04/2026 Book
    Perpustakaan Jitra Pinjaman Dewasa 09/04/2026   910.4 NOR A01907184 09/04/2026 Book
    Perpustakaan Kuala Nerang Pinjaman Dewasa 09/04/2026   910.4 NOR A01907192 09/04/2026 Book
    Perpustakaan Kulim Pinjaman Dewasa 09/04/2026   910.4 NOR A01907186 09/04/2026 Book
    Perpustakaan Langkawi Pinjaman Dewasa 09/04/2026   910.4 NOR A01907185 09/04/2026 Book
    Perpustakaan Merbok Pinjaman Dewasa 09/04/2026   910.4 NOR A01907189 09/04/2026 Book
    Perpustakaan Pendang Pinjaman Dewasa 09/04/2026   910.4 NOR A01907193 09/04/2026 Book
    Perpustakaan Sik Pinjaman Dewasa 09/04/2026   910.4 NOR A01907191 09/04/2026 Book
    Perpustakaan Yan Pinjaman Dewasa 09/04/2026   910.4 NOR A01907190 09/04/2026 Book
    Bergerak 1, Alor Setar Pinjaman Dewasa 09/04/2026   910.4 NOR A01907194 09/04/2026 Book
    Bergerak 3, Baling Pinjaman Dewasa 09/04/2026   910.4 NOR A01907195 09/04/2026 Book
    Bergerak 4, Sungai Petani Pinjaman Dewasa 09/04/2026   910.4 NOR A01907196 09/04/2026 Book
    Bergerak 5, Kulim Pinjaman Dewasa 09/04/2026   910.4 NOR A01907197 09/04/2026 Book